Obálka Náhled e-knihy:
PDF Epub
Pro půjčování e-knih musíte být přihlášeni.
Jak si půjčit online?

Kým sa stihnem rozlúčiť /

Štvrtý diel o podivnej kaviarni bude možno pre mnohých čitateľov prekvapením. Dej sa vracia späť do tokijskej kaviarne Funiculi funicula, ale vracia sa aj v čase, do obdobia medzi dejom prvého a druhého dielu série. I tentoraz sa môžeme tešiť na štyri emočne silné príbehy. Všetci hrdinovia najprv po...

Celý popis

Uloženo v:
Série:Funiculi funicula (SK), část 4
Hlavní autor: Kawaguči, Tošikazu (Autor)
Médium: E-kniha
Jazyk:Czech
Vydáno: Praha : Albatros Media Slovakia s.r.o., 2026
Příbuzné jednotky:Z cyklu:: Funiculi funicula (SK)
Tagy:
Žádné tagy
LEADER 01600nam a22002417i 4500
001 302743
007 ta
008 260514s2026 xr ||||| |||| 00| 0 cze d
020 |a 9788056651407 
044 |a xr 
100 1 |a  Kawaguči, Tošikazu  |4 aut 
245 1 0 |a Kým sa stihnem rozlúčiť /  |c  Kawaguči, Tošikazu 
240 1 0 |a Before I Say Good-bye 
264 1 |a Praha :  |b Albatros Media Slovakia s.r.o.,  |c 2026 
300 |a 1 online zdroj (144 stran) 
336 |a text  |b txt  |2 rdacontent 
337 |a bez média  |b n  |2 rdamedia 
338 |a online zdroj  |b cr  |2 rdacarrier 
520 2 |a Štvrtý diel o podivnej kaviarni bude možno pre mnohých čitateľov prekvapením. Dej sa vracia späť do tokijskej kaviarne Funiculi funicula, ale vracia sa aj v čase, do obdobia medzi dejom prvého a druhého dielu série. I tentoraz sa môžeme tešiť na štyri emočne silné príbehy. Všetci hrdinovia najprv pocítia sklamanie, keď zistia, že realitu zmeniť nedokážu, a svojho blízkeho pred smrťou neuchránia. Napriek tomu im toto stretnutie pomôže vyrovnať sa so smutnou situáciou. 
787 0 8 |g 4  |i Z cyklu:  |t Funiculi funicula (SK) 
910 |a RBIT002 
998 |d 427001  |a https://core.palmknihy.cz/api/books/427001/cover?tesgik  |b https://core.palmknihy.cz/api/books/427001/cover/400?tesgik  |c https://core.palmknihy.cz/api/books/427001/cover/50?tesgik  |e 2030-03-18  |g 144  |i 9788056651407  |j https://core.palmknihy.cz/api/books/427001/preview.epub  |k https://core.palmknihy.cz/api/books/427001/preview.pdf  |l   |q 49  |r 1  |s https://www.palmknihy.cz/kniha/427001  |t ebook  |y 2026  |z 1  |v Funiculi funicula (SK)  |w 4 
999 |d 302741